000 005600000a22002050004500
999 _c48709
_d48709
001 1549
003 CO-MdFUSB
005 20171115182314.0
008 171115b xxu||||| |||| 00| 0 eng d
020 _a958-04-6495-2
040 _cCO-MdBIC
082 0 4 _a863C Ta63ts
100 1 _aHorvath, Polly
245 1 0 _aTodo sobre un wafle / Polly Horvath ; ilustrado por Daniela Violi ; traducción de Magdalena Holguín
260 _aBogotá : Norma
300 _a288 P.
500 _aA partir de los 11 años
650 1 4 _aCuentos Canadienses
942 _cLGB